Nuevo tratado sobre el entendimiento humano

La presente es una obra exquisita sobre el debate que representa el pensamiento filosófico de la modernidad: el enfrentamiento entre el empirismo y el racionalismo. La obra está compuesta en modo de diálogo y consiste en una refutación del Ensayo sobre el entendimiento humano, escrito por John Locke...

詳細記述

保存先:
書誌詳細
第一著者: Leibniz, Gottfried Wilhelm
フォーマット: 図書
言語:Undetermined
出版事項: Buenos Aires, Argentina Editorial Aguilar 1975
版:2
主題:
タグ: タグ追加
タグなし, このレコードへの初めてのタグを付けませんか!

MARC

LEADER 00000nam a2200000Ia 4500
008 170316s9999 xx 000 0 und d
040 |a cru BVZT 
090 |a 100 L-29n 
100 |a Leibniz, Gottfried Wilhelm 
245 |a Nuevo tratado sobre el entendimiento humano 
250 |a 2 
260 |a Buenos Aires, Argentina 
260 |b Editorial Aguilar 
260 |c 1975 
300 |a 116 páginas 
520 |a La presente es una obra exquisita sobre el debate que representa el pensamiento filosófico de la modernidad: el enfrentamiento entre el empirismo y el racionalismo. La obra está compuesta en modo de diálogo y consiste en una refutación del Ensayo sobre el entendimiento humano, escrito por John Locke, uno de los mayores representantes del empirismo junto a Hobbes y a Hume. El diálogo va refutando cada capítulo de la obra de Locke, por lo que posee una amplia cantidad de problemas y temas filosóficos, entre los que se destaca, principalmente, la refutación al argumento de la procedencia de las ideas, según la cual, no hay nada en la mente que no proceda de los sentidos (tesis empirista), excepto la misma mente (respuesta leibniziana). 
650 |a FILOSOFÍA  |9 5 
650 |a EL ENTENDIMIENTO HUMANO 
999 |c 16765  |d 16765 
942 |c 15 D  |h 100 L-29n  |2 z